அம்பாறை மாவட்டச் சிறுகதை ஆளுமைகள்/

Saved in:
Bibliographic Details
Main Author: அப்துல்லா,றமீஸ்
Format: Book
Language:English
Tamil
Published: கொழும்பு: குமரன் புத்தக இல்லம், 2012.
Subjects:
Tags: Add Tag
No Tags, Be the first to tag this record!

MARC

LEADER 00000nam a22000007a 4500
005 20260409141541.0
008 260409b |||||||| |||| 00| 0 eng d
020 |a 9789556593358 
041 |a tam 
082 |a 894.81109  |b அப்து 
100 |a அப்துல்லா,றமீஸ்  |9 117103 
245 |a அம்பாறை மாவட்டச் சிறுகதை ஆளுமைகள்/  |c றமீஸ் அப்துல்லா 
260 |a கொழும்பு:  |b குமரன் புத்தக இல்லம்,  |c 2012. 
300 |a xiv;162பக்  |c 21.5cm 
500 |a Purchase 
650 |a இலக்கிய ஆய்வு  |9 116806 
942 |c REF 
999 |c 71177  |d 71177